000 nam a22 7a 4500
999 _c19168
_d19168
008 170114b xxu||||| |||| 00| 0 eng d
020 _a9780761499015
020 _a0761499016
050 _aREF RC81
_b.A2E5 2004
100 _aJacoby,David B.
245 _aEncyclopedia of family health/
_cDavid B. Jacoby and Robert M. Youngson
250 _a3rd e.
260 _aTarrytown, N.Y. :
_bMarshall Cavendish, .
_cc2004
300 _a432p. :
_bill. ;
500 _aIncludes index.
650 _aMedicine,popular
_xEncyclopedias
650 _aHealth
_xEncyclopedias
700 _aYoungson,Robert M.
942 _2lcc
_cREF_BOOK
_hREF RC81 .A2E5 2004